000 00519nam a2200217Ia 4500
003 OSt
005 20221005115421.0
006 a|||||r|||| 00| 0
007 ta
008 221004b |||||||| |||| 00| 0 snd d
024 _a7190
037 _cTextual
040 _aCRL
_cCRL
_bsnd
041 _2snd
_asnd
082 _aR4, 1593w1F9.1
100 _aKanmani
_9627491
245 0 _aChabuk ain rihan
260 _c1929
942 _hR4, 1593w1F9.1
_cTEXL
_2cc
999 _c1034755
_d1034755